Cauciones personales: la fianza, cláusula penal, cláusula de aceleración, solidaridad pasiva, boleta bancaria de garantía, seguro de fianza

-д хадгалсан:
Номзүйн дэлгэрэнгүй
Үндсэн зохиолч: Vargas Miranda, Rafael Andrés (Зохиогч)
Формат: Ном
Хэл сонгох:испани
Хэвлэсэн: Santiago Metropolitana 2009
Цуврал:Jurisprudencia
Нөхцлүүд:
Шошгууд: Шошго нэмэх
Шошго байхгүй, Энэхүү баримтыг шошголох эхний хүн болох!

MARC

LEADER 00000nam a2200000 a 4500
001 UCH2292
003 CL-VaPUC
008 090604e20090400CL |||||||||||||||||spa|d
020 |a 9789562860963 
082 0 4 |a 346.074  |b VAR  |2 21 
100 0 |a Vargas Miranda, Rafael Andrés  |e author  |9 537022 
245 1 0 |a Cauciones personales: la fianza, cláusula penal, cláusula de aceleración, solidaridad pasiva, boleta bancaria de garantía, seguro de fianza 
300 |a 411 p 
942 |c BK 
945 |d 20090604 00:00:00  |a dcastane 
260 |a Santiago  |b Metropolitana  |c 2009 
650 0 |a Fianza  |9 384920 
650 7 |a REQUISITOS  |2 CL-VaPUC  |9 381381 
650 7 |a PLAZO LEGAL  |2 CL-VaPUC  |9 384940 
650 0 |a Derecho romano  |9 255930 
650 0 |a Derecho español  |9 255291 
583 |a last modification  |c 20090604 00:00:00  |k Rodrigo Vera 
490 0 |a Jurisprudencia 
999 |c 334075  |d 334073 
952 |0 0  |1 0  |4 0  |6 346_074000000000000_VAR_2009  |7 0  |8 A  |9 422869  |a BIBDER  |b BIBDER  |d 2019-11-22  |i 4558782  |o 346.074 VAR 2009  |p 4558782  |r 2023-01-25  |w 2019-11-22  |y BK  |k DER